Stavba produktovodu v Indii

Podrobná bibliografia
Hlavný autor: Maděra, Květoslav (Autor)
Médium: Článok
Jazyk:čeština

MARC

LEADER 00000nab a2200000ua 4500
001 vtls010813085
003 SK-MaSNL
005 20260303153238.0
008 230222s1997 xo |||||||||||||||||cze|
035 |a (urnnbn)urn:nbn:sk:snk:ar-005r9e 
035 |a urn:nbn:sk:snk-ab5i8h 
035 |a (uuid)e591810a-547f-4988-a8f0-3a90966ce243 
040 |a SNKBUCL  |b slo  |c SNKBUCL  |e AACR2 
041 0 |a cze 
044 |a xo  |c SK 
100 1 |a Maděra, Květoslav  |4 aut  |9 919768 
245 1 0 |a Stavba produktovodu v Indii  |c Květoslav Maděra 
773 0 |t Zváranie : odborný časopis československých zváračov  |g Roč. 46, č. 8 (1997), s. 180-182 
954 |a odborná, vedecká literatúra pôvodná (slovenská)  |2 lita 
954 |a odborná, vedecká literatúra cudzojazyčná (svetová)  |2 lita 
958 |a OND 
958 |a EUIPO 
958 |a article5 
999 |c 2027513  |d 2029443